[Event "SVK-ch U12"]
[Site "Liptovsky Mikulas"]
[Date "2018.04.24"]
[Round "5"]
[White "Nagy, Sebastian"]
[Black "Compel, Daniel"]
[Result "0-1"]
[WhiteElo "1000"]
[BlackElo "1439"]
[PlyCount "89"]
[EventDate "2018.04.21"]
[EventType "swiss"]
[EventRounds "9"]
[EventCountry "SVK"]
[SourceTitle "CBM 184 Extra"]
[Source "ChessBase"]
[SourceDate "2018.06.28"]
[SourceVersion "1"]
[SourceVersionDate "2018.06.28"]
[SourceQuality "1"]

1. e4 e5 2. Nf3 Nc6 3. Bc4 Be7 4. 0-0 Nf6 5. Nc3 0-0 6. d3 d6 7. Be3 Bg4 8. Nd5 Na5 9. Nxf6+ Bxf6 10. Bb3 Nxb3 11. cxb3 c5 12. Qd2 Bxf3 13. gxf3 Re8 14. b4 b6 15. bxc5 dxc5 16. b4 cxb4 17. Qxb4 Qxd3 18. Qd2 Qxd2 19. Bxd2 Red8 20. Rfd1 Rd3 21. Be3 Rxd1+ 22. Rxd1 Rd8 23. Rxd8+ Bxd8 24. f4 exf4 25. Bxf4 f6 26. e5 Kf7 27. exf6 Bxf6 28. Bg3 Ke6 29. f4 a5 30. Kf1 b5 31. Ke2 Kd5 32. Kd3 g6 33. Kc2 Kc4 34. Be1 b4 35. Bd2 Bc3 36. Bxc3 bxc3 37. Kb1 Kd3 38. Kc1 c2 39. h4 h5 40. a4 Kc4 41. Kxc2 Kb4 42. Kd3 Kxa4 43. Ke4 Kb5 44. f5 gxf5+ 45. Kxf5 0-1

[Event "SVK-ch U12"]
[Site "Liptovsky Mikulas"]
[Date "2018.04.24"]
[Round "6"]
[White "Nagy, Sebastian"]
[Black "Volanek, Maros"]
[Result "1-0"]
[WhiteElo "1000"]
[BlackElo "1133"]
[PlyCount "59"]
[EventDate "2018.04.21"]
[EventType "swiss"]
[EventRounds "9"]
[EventCountry "SVK"]
[SourceTitle "CBM 184 Extra"]
[Source "ChessBase"]
[SourceDate "2018.06.28"]
[SourceVersion "1"]
[SourceVersionDate "2018.06.28"]
[SourceQuality "1"]

1. e4 e5 2. Nf3 Nc6 3. Bc4 Nf6 4. d3 Bc5 5. 0-0 h6 6. Nc3 d6 7. Bd2 Bg4 8. Nd5 Nxd5 9. Bxd5 Qd7 10. h3 Be6 11. c4 Bxd5 12. cxd5 Nd4 13. Nxd4 Bxd4 14. Qc2 0-0 15. Bc3 Bxc3 16. Qxc3 Rac8 17. Rac1 b6 18. Qc6 Qxc6 19. Rxc6 f5 20. Rfc1 fxe4 21. dxe4 Rf7 22. f3 Kh7 23. b4 a6 24. a4 Kg6 25. R1c3 Kg5 26. Kf2 Kf4 27. Rb3 Rb8 28. Rbc3 Rb7 29. Rb3 g5 30. g3# 1-0